Las políticas nacionales y las nuevas tecnologías de comunicación (Registro nro. 172162)

Detalles MARC
000 -LEADER
fixed length control field 00641nam a22001937a 4500
005 - DATE AND TIME OF LATEST TRANSACTION
control field 20250903124018.0
008 - FIXED-LENGTH DATA ELEMENTS--GENERAL INFORMATION
fixed length control field 250902b mx ||||| |||| 00| 0 spa d
050 04 - LIBRARY OF CONGRESS CALL NUMBER
Classification number P96.T42
Item number R68 1984
100 1# - MAIN ENTRY--PERSONAL NAME
Personal name Rothschuh Villanueva, Guillermo
245 10 - TITLE STATEMENT
Title Las políticas nacionales y las nuevas tecnologías de comunicación
Statement of responsibility, etc / Guillermo Rothschuh Villanueva
250 ## - EDITION STATEMENT
Edition statement 1a ed.
260 ## - PUBLICATION, DISTRIBUTION, ETC. (IMPRINT)
Place of publication, distribution, etc México :
Name of publisher, distributor, etc La Brujula,
Date of publication, distribution, etc 1984.
300 ## - PHYSICAL DESCRIPTION
Extent 126 p. ;
Other physical details 16 cm.
650 #7 - SUBJECT ADDED ENTRY--TOPICAL TERM
Source of heading or term lemb
Topical term or geographic name as entry element Comunicación
General subdivision Aspectos sociales
650 #7 - SUBJECT ADDED ENTRY--TOPICAL TERM
Source of heading or term lemb
Topical term or geographic name as entry element Innovaciones tecnológicas
650 #7 - SUBJECT ADDED ENTRY--TOPICAL TERM
Source of heading or term lemb
Topical term or geographic name as entry element Política de comunicación
651 ## - SUBJECT ADDED ENTRY--GEOGRAPHIC NAME
Source of heading or term
942 ## - ADDED ENTRY ELEMENTS (KOHA)
Source of classification or shelving scheme Biblioteca del Cogreso de los Estados Unidos
Koha item type Libro
Existencias
Estado de pérdida Fuente de clasificación Estado del daño No para préstamo Ubicación permanente Ubicación actual Apartado o colección Fecha de adquisición Edición Área del conocimiento Total Checkouts Clasificación Código de Barras Date last seen Número de copia Costo por reposición Tipo de recurso
  Biblioteca del Cogreso de los Estados Unidos     Biblioteca de la Preparatoria Melchor Ocampo Biblioteca de la Preparatoria Melchor Ocampo General 02/09/2025 1a ed. Educación y Humanidades   P96.T42 R68 1984 PMO000005963 02/09/2025 1 1.00 Libro